00394nam a2200133Ia 4500008004100000020001500041041001200056082001600068100001900084245009900103260003400202300000800236650001600244221030s9999 xx 000 0 und d a8185623082 aEnglish a105.23bBas aS. K. Basandra 0aComputer Science Question Bank Objective typebQuestion Bank Objective Typecby S. K. Basandra bGalgotia PubaNew Delhic1999 a953 aBE Computer